The SAGE handbook of political geography

Αποθηκεύτηκε σε:
Λεπτομέρειες βιβλιογραφικής εγγραφής
Άλλοι συγγραφείς: Cox, Kevin R. 1939- (Επιμελητής έκδοσης), Low, Murray (Επιμελητής έκδοσης), Robinson, Jennifer 1963- (Επιμελητής έκδοσης)
Μορφή: Βιβλίο
Γλώσσα:English
Δημοσίευση: Los Angeles : SAGE Publications, 2008
Θέματα:
Ετικέτες: Προσθήκη ετικέτας
Δεν υπάρχουν, Καταχωρήστε ετικέτα πρώτοι!

MARC

LEADER 00000nam a2200000 i 4500
001 1/103382
008 090327s2008 eng d
020 |a 978-0-7619-437-3 
035 |l 10104022 
040 |a GR-MY-UA  |b gre  |e aacr 
041 0 |a eng 
082 0 |a 320.9  |2 (22) 
245 1 4 |a The SAGE handbook of political geography /  |c edited by Kevin R. Cox, Murray Low, Jennifer Robinson 
260 |a Los Angeles :   |b SAGE Publications,   |c 2008 
300 |a xvi, 624 σ.;  |b εικ., χάρτες;  |c 26 εκ. 
504 |a Περιέχει βιβλιογραφικές παραπομπές και ευρετήρια 
650 0 0 |a Political geography. 
700 1 |a Cox, Kevin R.  |d 1939-  |4 edt 
700 1 |a Low, Murray.  |4 edt 
700 1 |a Robinson, Jennifer  |d 1963-  |4 edt 
852 |a INST  |b LESVOS  |e 20090327  |h 320.9 SAG  |p 005100044672  |q 005100044672  |t BK  |y 0 
901 |a BIBL1-2009-1 
909 |a Λ  |b 156284 
922 |a 1ΕΛΗ  |b 200811  |c ΕΠΕΑΕΚ2/ΤΓ  |d ΜΙΧΑΛΟΠΟΥΛΟΣ 
970 |a ΚΑΡΑ  |b ΓΙΑΣΕΜΗ  |z 2009/03/27